| 000 | 00000nam##2200000za#4500 |
| 001 | 9.639058 |
| 003 | CaOODSP |
| 005 | 20210624221958 |
| 007 | cr ||||||||||| |
| 008 | 150407|2009||||xxc|||||o f|0| 0 fre|d |
| 040 | |aCaOODSP|bfre |
| 043 | |an-cn--- |
| 086 | 1 |aFA3-75/2009F-PDF |
| 110 | 1 |aCanada. |bBureau du vérificateur général. |
| 245 | 10|aMusée des beaux-arts du Canada - rapport d'examen spécial, 2009 |h[ressource électronique] |
| 260 | |aOttawa - Ontario : |bBureau du vérificateur général du Canada |c[2009]. |
| 300 | |a46p. |
| 590 | |a11-15-Supp|b2011-08-22 |
| 775 | 08|tNational Gallery of Canada - special examination report, 2009 |w(CaOODSP)9.694888 |
| 856 | 40|ahttp://publications.gc.ca|qPDF|s374 Ko|uhttps://publications.gc.ca/collections/collection_2011/bvg-oag/FA3-75-2009-fra.pdf |